000 00354nam a2200133Ia 4500
008 240624s9999 xx 000 0 und d
041 _aeng
082 _a658.88 FAB
100 _aFABOZZI FRANK J
245 _aMEASURING AND CONTROLLING INTEREST RATE
260 _c2003
_aNew Jersey
_bJohn Wiley and Sons
300 _a533 : p. : cm. ; 26
365 _c
_b30
999 _c10597
_d10597